000 00778nam2a2200229 4500
001 rc\3027726
005 20260315064944.0
035 _a(NLR Aleph) 007168882
090 _a13620357
_c13620357
100 _a20110929d1935 u y0rusy50 ca
101 0 _arus
102 _aRU
105 _aa z |||||
200 1 _aОбщая инструкция для боя
210 _d1935
215 _aОбл., 219 с., 1 вкл. л. схем.
_cсхем.
461 0 _1001rc\3027725
_12001#$aПольский полевой устав$eЧ. 1-$vЧ. 1
_97325401
_cМосква
_d1935
_nГос. воен. изд.
_oЧ. 1-
_tПольский полевой устав
_vЧ. 1
801 0 _aRU
_bNLR
_gpsbo
801 1 _aRU
_bELAR
_2rusmarc
852 _aNLR
_j35-16/61(1)
942 _cUNSPEC
980 _aNB